[Event "SK Gescher 1 - SC Hiltrup 1"]
[Site "Verbandsklasse 2017/2018"]
[Date "2018.04.07"]
[Round "8.8"]
[White "Frieske, Hilmar"]
[Black "May, Peter"]
[Result "1/2-1/2"]
[WhiteElo "1720"]
[BlackElo "1508"]
[PlyCount "50"]
[EventDate "2018.??.??"]
[SourceDate "2017.09.30"]

1. e4 e5 2. Nf3 Nf6 3. d3 Nc6 4. Nc3 Bc5 5. Na4 Bb6 6. Nxb6 axb6 7. Bg5 d6 8.
h3 Be6 9. a3 d5 10. c3 dxe4 11. Bxf6 Qxf6 12. dxe4 Rd8 13. Qc2 O-O 14. b4 Rd6
15. Be2 Rfd8 16. O-O Qg6 17. Kh2 Qh6 18. Qc1 Qg6 19. Qe3 Bb3 20. b5 Na5 21.
Nxe5 Qe6 22. Nf3 Bc4 23. Bxc4 Nxc4 24. Qe2 Nd2 25. Nxd2 Rxd2 1/2-1/2

[Event "SC Falke Saerbeck 1 - SK Königsspringer"]
[Site "Verbandsklasse 2017/2018"]
[Date "2018.04.07"]
[Round "8.1"]
[White "Lerke, Bernd"]
[Black "Hegemann, Eike"]
[Result "1/2-1/2"]
[WhiteElo "1811"]
[BlackElo "1971"]
[PlyCount "80"]
[EventDate "2018.??.??"]
[SourceDate "2017.09.30"]

1. Nf3 d5 2. c4 e6 3. e3 Nf6 4. b3 Be7 5. Bb2 O-O 6. Be2 c5 7. O-O Nc6 8. cxd5
Nxd5 9. Nc3 Bf6 10. a3 Nce7 11. Qc2 b6 12. Rfd1 Bb7 13. Rac1 Ng6 14. Nxd5 Bxb2
15. Qxb2 Qxd5 16. d4 cxd4 17. Rxd4 Qf5 18. Rd7 Rab8 19. Bd3 Qh5 20. Bxg6 Qxg6
21. Ne1 Rfd8 22. Qd4 Bd5 23. Rxd8+ Rxd8 24. b4 h5 25. h4 f6 26. f3 e5 27. Qd2
Rd7 28. Qc2 Qxc2 29. Rxc2 Kf7 30. Kf2 Bb3 31. Rb2 Ba4 32. e4 Rd1 33. Re2 Ra1
34. Re3 Ra2+ 35. Kg3 Bb5 36. Nd3 Ke7 37. Nf2 a5 38. bxa5 bxa5 39. Rb3 Bd7 40.
Rc3 g6 1/2-1/2

[Event "SC Falke Saerbeck 1 - SK Königsspringer"]
[Site "Verbandsklasse 2017/2018"]
[Date "2018.04.07"]
[Round "8.2"]
[White "Fayazi, Shahriar"]
[Black "Sandmann, Matthias"]
[Result "1/2-1/2"]
[WhiteElo "1964"]
[BlackElo "1864"]
[PlyCount "96"]
[EventDate "2018.??.??"]
[SourceDate "2017.09.30"]

1. c4 Nf6 2. g3 g6 3. Bg2 Bg7 4. Nc3 O-O 5. d4 d6 6. Nf3 c5 7. O-O cxd4 8. Nxd4
a6 9. b3 Qb6 10. Bb2 Nc6 11. Na4 Qc7 12. Rc1 Bd7 13. Nc3 Qb6 14. e3 Rac8 15.
Qd2 Ne5 16. h3 Rc5 17. f4 Nc6 18. Na4 Qc7 19. Nxc5 dxc5 20. Nxc6 Bxc6 21. Be5
Qc8 22. Bxf6 Bxf6 23. Rcd1 Kg7 24. Bxc6 Qxc6 25. Qd5 Qc7 26. Qd7 Qa5 27. Qxb7
Qxa2 28. Rf2 Qa5 29. Rfd2 e5 30. Qc6 exf4 31. gxf4 Qc3 32. Rd3 Qa5 33. Qa4 Qb6
34. Rd6 Qb7 35. R1d5 Qe7 36. Rd3 Re8 37. Qxa6 Bd4 38. R6xd4 cxd4 39. Qa1 Rd8
40. exd4 Qe4 41. d5+ Kg8 42. Qd4 Qe1+ 43. Kg2 Re8 44. Rf3 Re4 45. Qb6 Qb1 46.
d6 Re2+ 47. Rf2 Qe4+ 48. Kh2 Qxf4+ 1/2-1/2

[Event "SC Falke Saerbeck 1 - SK Königsspringer"]
[Site "Verbandsklasse 2017/2018"]
[Date "2018.04.07"]
[Round "8.4"]
[White "Hoge, Reinhard"]
[Black "Mense, Jens-Uwe"]
[Result "1/2-1/2"]
[WhiteElo "1865"]
[BlackElo "1802"]
[PlyCount "45"]
[EventDate "2018.??.??"]
[SourceDate "2017.09.30"]

1. c4 g6 2. g3 Bg7 3. Bg2 d6 4. Nc3 e5 5. Nf3 Ne7 6. O-O O-O 7. d3 h6 8. Rb1
Nd7 9. Bd2 f5 10. Ne1 f4 11. Ne4 g5 12. Bc3 Nf5 13. Nc2 Qe7 14. d4 fxg3 15.
hxg3 exd4 16. Nxd4 Ne5 17. Rc1 Kh8 18. b4 Rb8 19. c5 d5 20. Nxf5 Rxf5 21. Nd2
c6 22. Nb3 Bd7 23. Nd4 1/2-1/2

[Event "SC Falke Saerbeck 1 - SK Königsspringer"]
[Site "Verbandsklasse 2017/2018"]
[Date "2018.04.07"]
[Round "8.5"]
[White "Steens, Rudolf"]
[Black "Bartsch, Jan"]
[Result "1/2-1/2"]
[WhiteElo "1784"]
[BlackElo "1706"]
[PlyCount "25"]
[EventDate "2018.??.??"]
[SourceDate "2017.09.30"]

1. e4 Nf6 2. Nc3 e5 3. f4 d5 4. fxe5 Nxe4 5. d3 Nxc3 6. bxc3 d4 7. Nf3 Nc6 8.
Be2 Bc5 9. c4 Be6 10. O-O O-O 11. Kh1 Qd7 12. Qe1 Rae8 13. Qg3 1/2-1/2

[Event "SC Falke Saerbeck 1 - SK Königsspringer"]
[Site "Verbandsklasse 2017/2018"]
[Date "2018.04.07"]
[Round "8.6"]
[White "Bartsch, Rainer"]
[Black "Hols, Bernhard"]
[Result "1/2-1/2"]
[WhiteElo "1741"]
[BlackElo "1773"]
[PlyCount "80"]
[EventDate "2018.??.??"]
[SourceDate "2017.09.30"]

1. e4 c5 2. Nf3 d6 3. Bb5+ Nc6 4. O-O Bd7 5. c3 Qb6 6. Na3 e6 7. Re1 a6 8. Ba4
Qc7 9. d4 b5 10. Bc2 Na5 11. Bf4 c4 12. Nb1 Ne7 13. Nbd2 Ng6 14. Bg3 Be7 15. e5
d5 16. Nf1 Nc6 17. Ne3 Qd8 18. Rf1 b4 19. Nd2 bxc3 20. bxc3 Qa5 21. Bxg6 hxg6
22. Qc2 O-O 23. Rfb1 Rab8 24. Rxb8 Rxb8 25. Rb1 Rb5 26. f4 Qa3 27. Kf2 Qa5 28.
Nd1 Na7 29. Ke2 Bd8 30. Be1 Qb6 31. Nb2 Qb8 32. Nd1 Rb7 33. Rxb7 Qxb7 34. Qb2
Qb5 35. Nb1 Be7 36. Bd2 Kh7 37. g3 f5 38. Kf3 Kh6 39. g4 Kh7 40. g5 Kg8 1/2-1/2

[Event "SC Falke Saerbeck 1 - SK Königsspringer"]
[Site "Verbandsklasse 2017/2018"]
[Date "2018.04.07"]
[Round "8.7"]
[White "Schmidt, Ralf"]
[Black "Rogowski, Friedrich"]
[Result "1/2-1/2"]
[WhiteElo "1545"]
[BlackElo "1656"]
[PlyCount "48"]
[EventDate "2018.??.??"]
[SourceDate "2017.09.30"]

1. d4 g6 2. Bf4 Bg7 3. e3 d6 4. Nf3 Nf6 5. h3 O-O 6. Be2 Bf5 7. O-O Nc6 8. c3
e6 9. Nbd2 Re8 10. Bg3 e5 11. dxe5 Nxe5 12. Nxe5 dxe5 13. Nf3 Ne4 14. Bh4 f6
15. Bc4+ Kh8 16. Qe2 Qe7 17. Nd2 Nxd2 18. Qxd2 Red8 19. Qe2 Rd7 20. e4 Be6 21.
Bxe6 Qxe6 22. Rfd1 Rad8 23. Rxd7 Qxd7 24. Kf1 h5 1/2-1/2

[Event "SC Falke Saerbeck 1 - SK Königsspringer"]
[Site "Verbandsklasse 2017/2018"]
[Date "2018.04.07"]
[Round "8.8"]
[White "Henschen, Daniel"]
[Black "Keller, Hansjürgen"]
[Result "1/2-1/2"]
[WhiteElo "1614"]
[BlackElo "1666"]
[PlyCount "44"]
[EventDate "2018.??.??"]
[SourceDate "2017.09.30"]

1. Nf3 d5 2. d4 Nf6 3. g3 e6 4. Bg2 Be7 5. Nc3 O-O 6. a3 c5 7. Bg5 Nbd7 8. h4
b6 9. Qd3 cxd4 10. Nxd4 Nc5 11. Qe3 Bb7 12. b4 Nce4 13. Nxe4 Nxe4 14. Bxe4 dxe4
15. Bxe7 Qxe7 16. O-O f5 17. Qb3 Rf6 18. e3 Rc8 19. Rfd1 Bd5 20. Qb2 Rff8 21.
Rd2 g6 22. Ne2 Rfd8 1/2-1/2